Geometry by its history

Αποθηκεύτηκε σε:
Λεπτομέρειες βιβλιογραφικής εγγραφής
Κύριος συγγραφέας: Ostermann, Alexander
Άλλοι συγγραφείς: Wanner, Gerhard
Μορφή: Βιβλίο
Γλώσσα:English
Δημοσίευση: Heidelberg ; New York : Springer, c2012.
Σειρά:Undergraduate texts in mathematics. Readings in mathematics
Θέματα:
Ετικέτες: Προσθήκη ετικέτας
Δεν υπάρχουν, Καταχωρήστε ετικέτα πρώτοι!

MARC

LEADER 00000nam a2200000 a 4500
001 1/108123
008 150825t2012####gw | ||| |||| ||eng||
020 |a 9783642291623 
040 |a GR-MyUa  |b gre  |c GR-MyUa  |e AACR2 
041 0 |a eng 
082 7 |a 516.009   |2 (23)  
100 1 |a Ostermann, Alexander. 
245 1 0 |a Geometry by its history /   |c Alexander Ostermann, Gerhard Wanner.  
260 |a Heidelberg ; New York :   |b Springer,   |c c2012.  
300 |a xii, 437 σ. :   |b σχέδια, εικ. ;   |c 24 εκ.  
490 1 |a (Undergraduate texts in mathematics, Readings in mathematics)  
504 |a Βιβλιογραφία: σ. 403-417. Ευρετήριο.  
650 0 |a Geometry  |x History. 
700 1 |a Wanner, Gerhard. 
830 0 |a Undergraduate texts in mathematics. Readings in mathematics 
852 |a INST  |b SAMOS  |e 20150825  |h 516.009 OST  |p 005300042563  |q 005300042563  |t BK  |y 0 
922 |a 3ΕΛΗ  |b 201504  |c Τμήμα Μαθηματικών  |d Διαδρομές 
970 |a Κοσιέρης  |b Χρήστος  |z 2015-04